February 2024 RICS/Ci Portuguese Housing Market Survey (Record no. 121922)

MARC details
000 -LEADER
fixed length control field 01711nam a22002297a 4500
008 - FIXED-LENGTH DATA ELEMENTS--GENERAL INFORMATION
fixed length control field 240430e20240323po |||||o|||| 00| 0 eng d
041 ## - LANGUAGE CODE
Language code of text/sound track or separate title eng
110 ## - MAIN ENTRY--CORPORATE NAME
Corporate author Royal Institution of Chartered Surveyors
245 ## - TITLE STATEMENT
Title February 2024 RICS/Ci Portuguese Housing Market Survey
Medium [Electronic resource]
260 ## - PUBLICATION INFORMATION
Publisher Royal Institution of Chartered Surveyors & Confidencial Imobilario
Date March 2024
300 ## - PHYSICAL DESCRIPTION
Physical description 5p
490 ## - SERIES TITLE
Series statement Portuguese Housing Market Survey
520 ## - ABSTRACT
Abstract RICS, in partnership with Confidencial Imobiliario, produces the Portuguese Housing Market Survey, a sentiment survey that collects and analyses the opinions of professionals in agency and development about the prices, availability and demand of residential property in three areas of the country: Greater Lisbon, Greater Oporto and the Algarve. <br/><br/>In February 2024 near-term outlook remains fairly subdued but twelve month expectations strengthen. The results of the February 2024 RICS/Ci PHMS point to a broadly <br/>steady backdrop across the sales market, with many indicators <br/>sitting in neutral territory for this month. In the lettings market, tenant <br/>demand growth appears to have lost a bit of steam, although the lack <br/>of supply continues to drive a modest increase in rents.
650 ## - KEYWORDS
Keywords HOUSING MARKET
650 ## - KEYWORDS
Keywords RESIDENTIAL PROPERTY
651 ## - SUBJECT ADDED ENTRY--GEOGRAPHIC NAME
Geographic name Portugal
690 ## - BROAD SUBJECT
Broad subject Residential property
9 (RLIN) 6266
710 ## - ADDED CORPORATE NAME
Added corporate author Royal Institution of Chartered Surveyors
710 ## - ADDED CORPORATE NAME
Added corporate author Confidencial Imobiliário
856 ## - ONLINE RESOURCE
Uniform Resource Identifier <a href="https://www.rics.org/content/dam/ricsglobal/documents/market-surveys/rics-ci-portuguese-housing-market-survey/portuguese-housing-market-survey-february-2024.pdf">https://www.rics.org/content/dam/ricsglobal/documents/market-surveys/rics-ci-portuguese-housing-market-survey/portuguese-housing-market-survey-february-2024.pdf</a>
Public note Available free on RICS.org
942 ## - ADDED ENTRY ELEMENTS (KOHA)
Suppress in OPAC Do not suppress in OPAC
Holdings
Lost status Damaged status Not for loan Current library Shelving location Date acquired Total Checkouts Full call number Date last seen Price effective from Koha item type
      Virtual Online 30/04/2024   PROPERTY MARKET DATA 30/04/2024 30/04/2024 Online material